000 00487nam a2200169Ia 4500
008 231217s9999 xx 000 0 und d
020 _a8174462066
041 _aEnglish
082 _a658.3125 RAO.1;1 R
100 _aRao, T V ed. Rao, Raju.
245 0 _a360 degree feedback and performance management system V.1
250 _a2nd ed.
260 _c2003
_bExcel Books
_aNew Delhi
300 _axiii+305
650 _a360,degree,feedback,performance,management,V1
942 _cAA
999 _c181189
_d181189